000 00464nam a2200169Ia 4500
008 210210b1998 xxu||||| |||| 00| 0 eng d
020 _a81 7446 147 7
082 _a658 BARE
100 _aBARAT (Nikhil).
245 _aEmerging issues in management a collection of selected case studies. Ed 1.
250 _a
260 _aNew Delhi.
_bExcel Books
_c1998
300 _avi,232
650 _aCase Studies Companies
690 _aManagement
906 _a057270
999 _c104706
_d104706